000 00488nmm a2200157Ia 4500
008 251105s9999||||xx |||||||||||||||||und||
020 _a9781558854628
041 _aspa
100 _aVillaseñor, Victor
245 0 _aEstrellas peregrinas : Cuentos de magia y poder
264 _a[Washington, Estados Unidos] :
_bArte Público Press,
_c2005
300 _a144 páginas
650 _aTeen & Young Adult Fiction
856 _uhttps://public.digitaliapublishing.com/a/23099
942 _cCF
999 _c74794
_d74794